Statistics for Madden NFL 22 90s Club

Click here to take the quiz!

General Stats

  • This quiz has been taken 231 times
    (201 since last reset)
  • The average score is 62 of 78

Answer Stats

ClubPositionOverallPlayer% Correct
Los Angeles RamsRE99Aaron Donald
100%
Kansas City ChiefsTE99Travis Kelce
99%
Kansas City ChiefsQB98
Patrick Mahomes
98%
Green Bay PackersWR99Davante Adams
97%
Arizona CardinalsWR98DeAndre Hopkins
97%
Tampa Bay BuccaneersQB98Tom Brady
97%
Tennessee TitansHB98Derrick Henry
96%
Los Angeles RamsCB99
Jalen Ramsey
96%
Cleveland BrownsRE98
Myles Garrett
96%
Seattle SeahawksSS90Jamal Adams
96%
Philadelphia EaglesC90Jason Kelce
96%
Buffalo BillsWR97Stefon Diggs
95%
Carolina PanthersHB97Christian McCaffrey
94%
Kansas City ChiefsWR97Tyreek Hill
94%
Green Bay PackersQB96Aaron Rodgers
93%
Cleveland BrownsHB96Nick Chubb
93%
San Francisco 49ersTE96George Kittle
92%
Minnesota VikingsHB95Dalvin Cook
91%
Seattle SeahawksQB94Russell Wilson
90%
Pittsburgh SteelersLOLB95T.J. Watt
90%
Dallas CowboysRG98Zack Martin
89%
Green Bay PackersHB92Aaron Jones
88%
Arizona CardinalsLE90J.J. Watt
88%
Los Angeles ChargersWR93Keenan Allen
88%
Baltimore RavensQB92Lamar Jackson
88%
New Orleans SaintsHB94Alvin Kamara
87%
Arizona CardinalsLOLB95Chandler Jones
87%
New Orleans SaintsWR92Michael Thomas
87%
Washington Football TeamDT91Jonathan Allen
86%
Dallas CowboysQB91Dak Prescott
85%
Los Angeles ChargersLOLB92Joey Bosa
85%
Chicago BearsLOLB94Khalil Mack
85%
San Francisco 49ersRE93Nick Bosa
85%
Dallas CowboysWR93Amari Cooper
84%
Seattle SeahawksMLB93Bobby Wagner
84%
Los Angeles RamsWR91Cooper Kupp
84%
Green Bay PackersCB95Jaire Alexander
84%
Baltimore RavensK90Justin Tucker
84%
Las Vegas RaidersTE92Darren Waller
83%
Baltimore RavensTE90Mark Andrews
83%
Seattle SeahawksWR90D.K. Metcalf
82%
Dallas CowboysHB90Ezekiel Elliott
82%
San Francisco 49ersMLB94Fred Warner
82%
Minnesota VikingsSS91Harrison Smith
82%
Tampa Bay BuccaneersWR91Mike Evans
82%
Dallas CowboysLT93Tyron Smith
82%
Arizona CardinalsSS93Budda Baker
81%
San Francisco 49ersLT95Trent Williams
81%
Carolina PanthersCB97Stephon Gilmore
80%
Washington Football TeamWR90Terry McLaurin
80%
Buffalo BillsCB93Tre'Davious White
80%
Indianapolis ColtsLG96Quenton Nelson
79%
Philadelphia EaglesCB90Darius Slay Jr.
76%
Pittsburgh SteelersRE93Cameron Heyward
75%
Philadelphia EaglesDT90Fletcher Cox
74%
Las Vegas RaidersCB90Casey Hayward Jr.
73%
Los Angeles ChargersSS91Derwin James Jr.
73%
Kansas City ChiefsSS95Tyrann Mathieu
73%
Tampa Bay BuccaneersDT93Vita Vea
72%
New Orleans SaintsLE91Cameron Jordan
71%
Indianapolis ColtsDT92DeForest Buckner
71%
Cincinnati BengalsFS91Jessie Bates III
68%
Denver BroncosFS90Justin Simmons
68%
Tampa Bay BuccaneersMLB91Lavonte David
68%
Los Angeles RamsLOLB93Von Miller
68%
Green Bay PackersLT96David Bakhtiari
67%
Baltimore RavensCB91Marlon Humphrey
66%
Tennessee TitansFS91Kevin Byard
65%
New Orleans SaintsMLB92Demario Davis
59%
Tampa Bay BuccaneersRT90Tristan Wirfs
58%
New Orleans SaintsLT94Terron Armstead
57%
Baltimore RavensRE90Calais Campbell
54%
Tampa Bay BuccaneersC92Ryan Jensen
52%
Baltimore RavensLT92Ronnie Stanley
50%
Tampa Bay BuccaneersLOLB90Shaquil Barrett
50%
Arizona CardinalsC92Rodney Hudson
42%
Philadelphia EaglesRG91Brandon Brooks
35%
Tampa Bay BuccaneersLG90Ali Marpet
33%

Score Distribution

Percentile by Number Answered

Percent of People with Each Score

Your Score History

You have not taken this quiz since the last reset